Catálogo

TEORIA DEL ESTADO (Registro nro. 15281)

Detalles MARC
000 -LEADER
fixed length control field 00481nam a2200193 a 4500
001 - CONTROL NUMBER
control field 15281
005 - DATE AND TIME OF LATEST TRANSACTION
control field 20180713203926.0
008 - FIXED-LENGTH DATA ELEMENTS--GENERAL INFORMATION
fixed length control field 140415s1974 mx 000 0 spa d
020 ## - INTERNATIONAL STANDARD BOOK NUMBER
International Standard Book Number 968160623X
041 ## - LANGUAGE CODE
Language code of text/sound track or separate title spa
082 ## - DEWEY DECIMAL CLASSIFICATION NUMBER
Classification number 320.1
Item number HEL
100 1# - MAIN ENTRY--PERSONAL NAME
Personal name HELLER, HERMANN
245 10 - TITLE STATEMENT
Title TEORIA DEL ESTADO
250 ## - EDITION STATEMENT
Edition statement 1a ed.
260 ## - PUBLICATION, DISTRIBUTION, ETC.
Place of publication, distribution, etc. MEXICO :
Name of publisher, distributor, etc. FCE,
Date of publication, distribution, etc. 1974
300 ## - PHYSICAL DESCRIPTION
Extent 341
650 14 - SUBJECT ADDED ENTRY--TOPICAL TERM
Topical term or geographic name entry element CIENCIAS POLITICAS
General subdivision ESTADO
700 1# - ADDED ENTRY--PERSONAL NAME
Personal name NIEMEYER, GERHART
Relator term pról.
Existencias
Withdrawn status Lost status Source of classification or shelving scheme Damaged status Not for loan Collection code Home library Current library Shelving location Date acquired Source of acquisition Inventory number Total Checkouts Total Renewals Full call number Barcode Date last seen Date last checked out Price effective from Koha item type
    Dewey Decimal Classification     General Biblioteca Karol Wojtyla Biblioteca Karol Wojtyla Sala general 03/12/2013 Compra 151000000000000000056198 3 1 320.1 HEL 32797 05/01/2026 12/02/2024 03/12/2013 Libro
    Dewey Decimal Classification     General Biblioteca Karol Wojtyla Biblioteca Karol Wojtyla Sala general 03/12/2013 Compra 151000000000000000056199     320.1 HEL 32796 05/01/2026 23/01/2015 03/12/2013 Libro